000 00601nam a2200181Ia 4500
003 GCL
008 140319s9999 xx 000 0 ara d
040 _aGCL /
_cGCL
082 0 4 _a214.6
_bا ا
100 1 _aالهام محمد ابراهيم
245 1 0 _aالبدائل الربانية فى علاج الامراض النسائية /
_cالهام محمد ابراهيم
260 _a[S.N] :
_bدار الاسراء للنشر والتوزيع ،
_c1991
300 _a113 ص
490 _a
650 0 4 _aالاسلام والعلم
650 0 4 _aالاسلام والطب
942 _2ddc
_cBK
999 _c53873
_d53873